000 00547nam a22002057a 4500
005 20230315101623.0
008 170830b xxu||||| |||| 00| 0 eng d
020 _a9840755315
_cRs 30
040 _aLoreto College
_beng
041 _aBengali
082 _a491.44
_bKHA
110 _aBangla Academy Dhaka
245 _aBangla Academy pramita Bangla bananer niyam
_cBangla Academy Dhaka
250 _aRev.ed
260 _aDhaka
_bBangla Academy
_c2012
300 _a32p
650 _aSpellings rule
_zBengali
850 _aLCLIB
942 _cBK
999 _c41249
_d91728